000 00743cam a22002533a 4500
001 19451
003 PGUSA
005 20140828083419.0
008 061003s2006||||xxu|||||s|||||000 1 eng d
040 _aPGUSA
_beng
042 _adc
050 4 _aPS
100 1 _aQuick, Herbert,
_d1861-1925
245 1 0 _aDouble Trouble; Or, Every Hero His Own Villain
_h[electronic resource] /
_cHerbert Quick
260 _bProject Gutenberg,
_c2006
506 _aPublic domain in the USA.
516 _aElectronic text
653 _aPsychological fiction
653 _aMultiple personality -- Fiction
700 1 _aLowell, Orson,
_d1871-1956
830 0 _aProject Gutenberg
_v19451
856 4 0 _uhttp://www.gutenberg.org/ebooks/19451
942 _cEB
999 _c248706
_d248706